| 000 | 01675nam0a2200361 i 4500 | ||
|---|---|---|---|
| 001 | RU\NLR\BIBL_A\010529939 | ||
| 005 | 20241106064602.0 | ||
| 010 |
_a9785170845316 _93000 |
||
| 021 |
_aRU _b2014-66175 _94041 |
||
| 035 | _a(NILC)RuMoRGB-007545487 | ||
| 035 | _a(NLR Aleph) 010529939 | ||
| 090 |
_a10252571 _c10252571 |
||
| 100 | _a20141113d2014 u y0rusy50 ca | ||
| 101 | 1 |
_arus _cund |
|
| 102 | _aRU | ||
| 105 | _aa|||g||||||y| | ||
| 200 | 1 |
_aПрогулки по Парижу _eвсе самое интересное о городе _e[лучшее в городе. Пешеходные маршруты. Интересные места, советы знатоков, лучшие маршруты, удивительные подробности. Карты всех районов] _fПас Паскали, Брайан Робинсон _g[пер. Г. Николаева] |
|
| 210 |
_aМосква _cАСТ _d2014 |
||
| 215 |
_a191 с. _cил., портр., цв. ил., карты _d20 |
||
| 320 | _aУказ.: с. 188-191 | ||
| 606 | 1 |
_aТуристские маршруты _jПутеводители _yПариж, город (Франция) _92488746 _3RU\NLR\AUTH\661476868 |
|
| 607 |
_aПариж, город (Франция) _jПутеводители _91469376 _3RU\NLR\AUTH\66314880 |
||
| 686 | 1 | _aД890(44Фр-2П)я23 | |
| 686 | 1 | _aЧ518.115(4Фр)я23 | |
| 700 | 1 |
_aПаскали _bП. _gПас |
|
| 701 | 1 |
_aРобинсон _bБ. _gБрайан |
|
| 801 | 0 |
_aRU _bRuMoRKP _c20140902 _gRCR |
|
| 801 | 2 |
_aRU _bРГБ _c20140911 _grcr |
|
| 801 | 1 |
_aRU _bRuMoRKP _c20140902 _2rusmarc |
|
| 942 | _cBOOK | ||
| 980 | _aNBR | ||